[Event "Prague Golden op 11th"]
[Site "Prague"]
[Date "2015.06.22"]
[Round "3"]
[White "Boruvka, Radim"]
[Black "Mach, Petr"]
[Result "1/2-1/2"]
[WhiteElo "1832"]
[BlackElo "1537"]
[PlyCount "39"]
[EventDate "2015.06.21"]
[EventType "swiss"]
[EventRounds "9"]
[EventCountry "CZE"]
[SourceTitle "CBM 167 Extra"]
[Source "ChessBase"]
[SourceDate "2015.09.14"]
[SourceVersion "1"]
[SourceVersionDate "2015.09.14"]
[SourceQuality "1"]

1. e4 c5 2. d4 e6 3. Nf3 Nf6 4. e5 Nd5 5. Nc3 Nxc3 6. bxc3 Nc6 7. Bd3 b6 8. 0-0 Be7 9. Be3 cxd4 10. cxd4 0-0 11. Qd2 Bb7 12. c3 Rc8 13. Bg5 Na5 14. Bxe7 Qxe7 15. Ng5 h6 16. Ne4 Bxe4 17. Bxe4 Nc4 18. Qc2 d5 19. Bh7+ Kh8 20. Bd3 1/2-1/2

[Event "Czechia KP-chTB 0607"]
[Site "Czech Republic"]
[Date "2007.02.18"]
[Round "8.7"]
[White "Vlasak, Jiri"]
[Black "Boruvka, Radim"]
[Result "1/2-1/2"]
[WhiteElo "1921"]
[BlackElo "1696"]
[PlyCount "75"]
[EventDate "2006.10.29"]
[EventType "team-tourn"]
[EventRounds "11"]
[EventCountry "CZE"]
[SourceTitle "EXT 2008"]
[Source "ChessBase"]
[SourceDate "2007.11.25"]
[SourceVersion "1"]
[SourceVersionDate "2007.11.25"]
[SourceQuality "1"]
[WhiteTeam "Kolin II"]
[BlackTeam "Struharov"]
[WhiteTeamCountry "CZE"]
[BlackTeamCountry "CZE"]

1. d4 d5 2. e3 Nf6 3. f4 c5 4. c3 Nc6 5. Bd3 g6 6. Nd2 Bg7 7. Ngf3 0-0 8. 0-0 c4 9. Bc2 Bf5 10. Ne5 Qc7 11. h3 Rab8 12. g4 Bxc2 13. Qxc2 e6 14. g5 Nd7 15. e4 f6 16. exd5 exd5 17. Nxd7 Qxd7 18. Kg2 fxg5 19. fxg5 Rbe8 20. Nf3 Qf5 21. Qxf5 Re2+ 22. Rf2 Rxf2+ 23. Kxf2 Rxf5 24. Kg3 Rf8 25. Bf4 Re8 26. Re1 Rxe1 27. Nxe1 Kf7 28. Nf3 Ke6 29. Kg4 Bf8 30. Nh4 b5 31. a3 a5 32. Ng2 a4 33. h4 Bd6 34. Bxd6 Kxd6 35. Nf4 Ne7 36. h5 Kd7 37. hxg6 hxg6 38. Kf3 1/2-1/2